[Event "FTX Crypto Cup 2022"]
[Site "Miami USA"]
[Date "2022.08.18"]
[Round "4.1"]
[White "Carlsen, Magnus"]
[Black "Le, Quang Liem"]
[Result "1/2-1/2"]
[WhiteTitle "GM"]
[BlackTitle "GM"]
[WhiteElo "2864"]
[BlackElo "2728"]
[WhiteFideId "1503014"]
[BlackFideId "12401137"]
[EventDate "2022.08.15"]

1. e4 e5 2. Nf3 Nc6 3. Bc4 Nf6 4. d4 exd4 5. e5 d5 6. Bb5 Ne4 7. Nxd4 Bd7 8.
Bxc6 bxc6 9. O-O Be7 10. f3 Nc5 11. f4 O-O 12. f5 Ne4 13. Nb3 Re8 14. N1d2 Bf8
15. Nxe4 dxe4 16. Qd4 Qe7 17. f6 gxf6 18. exf6 Qd6 19. Qf2 Qe5 20. Be3 Bd6 21.
Qh4 Kh8 22. Rae1 Rg8 23. Bf4 Qxb2 24. Bxd6 cxd6 25. Qxe4 Rae8 26. Qd3 Rxe1 27.
Rxe1 Qxf6 28. Rf1 Qg7 29. Rf2 Be6 30. Qxd6 Bd5 31. g3 Re8 32. Re2 Rxe2 33. Qd8+
Qg8 34. Qf6+ Qg7 35. Qd8+ Qg8 36. Qf6+ Qg7 37. Qd8+ 1/2-1/2

[Event "FTX Crypto Cup 2022"]
[Site "Miami USA"]
[Date "2022.08.18"]
[Round "4.1"]
[White "Firouzja, Alireza"]
[Black "Duda, Jan-Krzysztof"]
[Result "1-0"]
[WhiteTitle "GM"]
[BlackTitle "GM"]
[WhiteElo "2778"]
[BlackElo "2740"]
[WhiteFideId "12573981"]
[BlackFideId "1170546"]
[EventDate "2022.08.15"]

1. e4 e5 2. Nf3 Nc6 3. Bb5 Nf6 4. d3 Bc5 5. Bxc6 dxc6 6. Nbd2 Nd7 7. Nc4 f6 8.
c3 Nf8 9. Be3 Bb6 10. d4 exd4 11. Nxd4 Qe7 12. O-O Bxd4 13. Bxd4 Ne6 14. Ne3
Nxd4 15. Qxd4 O-O 16. Rad1 Be6 17. c4 a5 18. Qc3 Qb4 19. Qc2 Rfd8 20. h3 Rd6 21.
Rxd6 cxd6 22. Rd1 a4 23. a3 Qc5 24. Rd3 Kf7 25. Qd1 Ke7 26. Nf5+ Bxf5 27. exf5
Qxf5 28. Rxd6 Re8 29. g4 Qa5 30. Rd7+ Kf8 31. Qd6+ Kg8 32. Rxb7 Qe1+ 33. Kg2
Qe4+ 34. Kh2 Qe2 35. Qg3 Re5 36. Kg2 h5 37. Qf3 hxg4 38. Rb8+ Kf7 39. Qxe2 Rxe2
40. hxg4 Re4 41. Rb4 Rxg4+ 42. Kf3 f5 43. Rxa4 g5 44. Ra5 Rf4+ 45. Ke2 Ke6 46.
Rc5 Kd6 47. b4 g4 48. a4 Re4+ 49. Kf1 Rd4 50. a5 f4 51. a6 Rd1+ 52. Kg2 Ra1 53.
Rf5 g3 54. Ra5 Rxa5 55. bxa5 Kc7 56. fxg3 fxg3 57. Kxg3 Kb8 58. Kf4 Ka7 59. Ke5
Kxa6 60. Kd6 1-0

[Event "FTX Crypto Cup 2022"]
[Site "Miami USA"]
[Date "2022.08.18"]
[Round "4.1"]
[White "Praggnanandhaa, R"]
[Black "Aronian, Levon"]
[Result "1/2-1/2"]
[WhiteTitle "GM"]
[BlackTitle "GM"]
[WhiteElo "2661"]
[BlackElo "2775"]
[WhiteFideId "25059530"]
[BlackFideId "13300474"]
[EventDate "2022.08.15"]

1. d4 Nf6 2. c4 e6 3. Nc3 Bb4 4. e3 O-O 5. Bd3 c5 6. Nf3 d5 7. cxd5 cxd4 8. exd4
exd5 9. O-O Bg4 10. Bg5 Bxc3 11. bxc3 Nbd7 12. h3 Bh5 13. c4 dxc4 14. Bxc4 Rc8
15. Bb3 h6 16. Bh4 Qa5 17. Qe1 Qa6 18. Qe3 Bg6 19. Rac1 Bd3 20. Rxc8 Rxc8 21.
Re1 Bc4 22. Rc1 b5 23. Bxf6 Nxf6 24. Ne5 Bxb3 25. axb3 Nd5 26. Qd2 Rxc1+ 27.
Qxc1 Qe6 28. Qc5 a6 29. Qc2 g6 30. Qd2 Kg7 31. Nd3 Qe4 32. Nc5 Qf4 33. Qd3 Qc1+
34. Kh2 Qf4+ 35. Kg1 Qc1+ 36. Kh2 Qf4+ 37. Kg1 1/2-1/2

[Event "FTX Crypto Cup 2022"]
[Site "Miami USA"]
[Date "2022.08.18"]
[Round "4.1"]
[White "Giri, Anish"]
[Black "Niemann, Hans Moke"]
[Result "1-0"]
[WhiteTitle "GM"]
[BlackTitle "GM"]
[WhiteElo "2760"]
[BlackElo "2687"]
[WhiteFideId "24116068"]
[BlackFideId "2093596"]
[EventDate "2022.08.15"]

1. c4 e5 2. Nc3 Nf6 3. Nf3 Nc6 4. g3 Nd4 5. Bg2 Nxf3+ 6. Bxf3 Bc5 7. O-O O-O 8.
Na4 d6 9. d3 a5 10. Nxc5 dxc5 11. Bg2 Qe7 12. Qc2 Re8 13. b3 Rb8 14. Bb2 h5 15.
Qd2 b6 16. Qg5 Ng4 17. h4 Qxg5 18. hxg5 f6 19. Bc6 Rd8 20. gxf6 gxf6 21. Kg2 Kg7
22. Rh1 Kg6 23. Rh4 Rh8 24. Rah1 Be6 25. f3 Ne3+ 26. Kf2 Nc2 27. g4 Nd4 28. Be4+
f5 29. gxf5+ Bxf5 30. Bxf5+ Kxf5 31. e3 Nc6 32. f4 Ke6 33. fxe5 Rbf8+ 34. Ke2
Rfg8 35. R1h2 Ne7 36. d4 cxd4 37. exd4 c6 38. Rf4 Rg6 39. Kd3 Rg3+ 40. Ke4 Rg6
41. Rfh4 Rg5 42. Bc1 Rf5 43. Bf4 Rhf8 44. Rg2 R5f7 45. Rg5 Kd7 46. d5 cxd5+ 47.
cxd5 Nxd5 48. e6+ Kxe6 49. Re5+ Kf6 50. Rxd5 Re7+ 51. Kf3 Rc8 52. Rhxh5 Rc3+ 53.
Kg4 Rg7+ 54. Rhg5 Rxg5+ 55. Bxg5+ Ke6 56. Rb5 a4 57. Rxb6+ Kd5 58. Rb4 axb3 59.
axb3 1-0

[Event "FTX Crypto Cup 2022"]
[Site "Miami USA"]
[Date "2022.08.18"]
[Round "4.2"]
[White "Duda, Jan-Krzysztof"]
[Black "Firouzja, Alireza"]
[Result "1-0"]
[WhiteTitle "GM"]
[BlackTitle "GM"]
[WhiteElo "2740"]
[BlackElo "2778"]
[WhiteFideId "1170546"]
[BlackFideId "12573981"]
[EventDate "2022.08.15"]

1. d4 Nf6 2. c4 e6 3. Nf3 d5 4. Nc3 c5 5. cxd5 cxd4 6. Qa4+ Bd7 7. Qxd4 exd5 8.
e3 Nc6 9. Qd3 Be6 10. Be2 Bd6 11. O-O O-O 12. b3 Ne5 13. Nxe5 Bxe5 14. Bb2 Rc8
15. Rac1 Ne4 16. f4 Bxc3 17. Bxc3 Bf5 18. Qd4 Nxc3 19. Rxc3 Rxc3 20. Qxc3 Qb6
21. Rc1 h6 22. Qe5 Bd7 23. Rc3 Bc6 24. Kf2 Re8 25. Qd6 Rd8 26. Qc5 Qxc5 27. Rxc5
d4 28. Bf3 dxe3+ 29. Kxe3 Bxf3 30. gxf3 Kf8 31. Ra5 a6 32. Rc5 Ke7 33. a4 Rd6
34. Rc7+ Rd7 35. Rc4 Rd1 36. Rb4 Rd7 37. f5 Rc7 38. Kf4 Rd7 39. Ke5 f6+ 40. Kf4
Kf7 41. Kg4 Rc7 42. Kh5 Rd7 43. Rb6 Rc7 44. h3 Rd7 45. b4 Rc7 46. Rd6 Re7 47. f4
Rc7 48. Rd4 Re7 49. Rc4 b5 50. axb5 axb5 51. Rc5 Re3 52. h4 Kg8 53. Kg4 Rb3 54.
Rxb5 Kf7 55. Rb7+ Kg8 56. Rb8+ Kf7 57. b5 Ke7 58. Kh5 Kf7 59. b6 Rb1 60. Rc8
Rxb6 61. Rc7+ Kf8 62. Kg6 Rb4 63. Rf7+ Ke8 64. h5 Rxf4 65. Rxg7 Kf8 66. Ra7 Rb4
67. Ra6 Rg4+ 68. Kxf6 Kg8 69. Ke7 Re4+ 70. Re6 Ra4 71. Rxh6 Ra7+ 72. Kf6 Ra6+
73. Kg5 Ra1 74. Rb6 Rg1+ 75. Kf6 Rh1 76. Rb7 Rh2 77. Rg7+ Kh8 78. Rg5 Kh7 79.
Rg7+ Kh6 80. Rg8 Kh7 81. Re8 Rxh5 82. Ke6 Rh1 83. f6 Re1+ 84. Kd7 Rd1+ 85. Ke7
Re1+ 86. Kf8 Rf1 87. f7 Ra1 88. Ke7 1-0

[Event "FTX Crypto Cup 2022"]
[Site "Miami USA"]
[Date "2022.08.18"]
[Round "4.2"]
[White "Niemann, Hans Moke"]
[Black "Giri, Anish"]
[Result "1/2-1/2"]
[WhiteTitle "GM"]
[BlackTitle "GM"]
[WhiteElo "2687"]
[BlackElo "2760"]
[WhiteFideId "2093596"]
[BlackFideId "24116068"]
[EventDate "2022.08.15"]

1. Nf3 c5 2. e3 Nf6 3. b3 g6 4. Bb2 Bg7 5. d4 cxd4 6. Nxd4 O-O 7. c4 d5 8. Be2
dxc4 9. bxc4 Nc6 10. O-O Bd7 11. Nd2 Rc8 12. Qb3 Qb6 13. Rfc1 Rfe8 14. h3 Qxb3
15. N2xb3 b6 16. c5 Nxd4 17. Bxd4 Nd5 18. Ba6 Rc7 19. cxb6 axb6 20. Bc4 Bxd4 21.
Bxd5 Rxc1+ 22. Rxc1 Be5 23. Bc6 Bxc6 24. Rxc6 Ra8 25. Rc2 h5 26. Kf1 Kg7 27. Ke2
g5 28. g3 Ra4 29. Nd2 g4 30. h4 f5 31. Nc4 Bc7 32. Kd3 Kf6 33. Rb2 b5 34. Rxb5
Rxa2 35. Rb2 Rxb2 36. Nxb2 e5 37. Nc4 Ke6 38. Nd2 e4+ 39. Ke2 Kd5 40. Nb3 Be5
41. Kd2 Kc4 42. Nc1 Bc3+ 43. Kd1 Be5 44. Ne2 Kd3 45. Nc1+ Kc4 46. Ne2 Kd3 47.
Nc1+ Kc4 1/2-1/2

[Event "FTX Crypto Cup 2022"]
[Site "Miami USA"]
[Date "2022.08.18"]
[Round "4.2"]
[White "Le, Quang Liem"]
[Black "Carlsen, Magnus"]
[Result "1/2-1/2"]
[WhiteTitle "GM"]
[BlackTitle "GM"]
[WhiteElo "2728"]
[BlackElo "2864"]
[WhiteFideId "12401137"]
[BlackFideId "1503014"]
[EventDate "2022.08.15"]

1. d4 Nf6 2. Nf3 d5 3. c4 e6 4. g3 Be7 5. Bg2 O-O 6. O-O a5 7. Nc3 c6 8. Bf4
Nbd7 9. Rc1 dxc4 10. e4 b5 11. d5 cxd5 12. exd5 exd5 13. Nxd5 Ra6 14. Nxe7+ Qxe7
15. a4 Qb4 16. Bd2 Qxa4 17. Qxa4 bxa4 18. Rxc4 Rb6 19. Rfc1 Ba6 20. Rxa4 Rxb2
21. Rxa5 Bb7 22. Bc3 Rb6 23. Bd4 Rb4 24. Bxf6 Nxf6 25. Ne5 Bxg2 26. Kxg2 Rb7 27.
Rac5 Nd7 28. Nxd7 Rxd7 29. Rc7 Rxc7 30. Rxc7 g6 31. h4 h5 32. Rc3 Kg7 33. Rb3
Kf6 34. Rf3+ Kg7 35. Rb3 Kf6 36. Rf3+ Kg7 37. Rb3 1/2-1/2

[Event "FTX Crypto Cup 2022"]
[Site "Miami USA"]
[Date "2022.08.18"]
[Round "4.2"]
[White "Aronian, Levon"]
[Black "Praggnanandhaa, R"]
[Result "1/2-1/2"]
[WhiteTitle "GM"]
[BlackTitle "GM"]
[WhiteElo "2775"]
[BlackElo "2661"]
[WhiteFideId "13300474"]
[BlackFideId "25059530"]
[EventDate "2022.08.15"]

1. c4 e5 2. Nc3 Nf6 3. Nf3 e4 4. Ng5 c6 5. Ngxe4 Nxe4 6. Nxe4 d5 7. cxd5 cxd5 8.
Ng3 h5 9. e3 h4 10. Ne2 Nc6 11. d4 Qf6 12. Nc3 Qg6 13. a3 Bd6 14. Bd2 Bf5 15.
Rc1 O-O 16. Qf3 Bg4 17. Qxd5 Rad8 18. h3 Bg3 19. Qe4 Bf5 20. Qf3 Rfe8 21. Be2
Bb8 22. Qh5 Qxh5 23. Bxh5 Nxd4 24. Bd1 Bd3 25. Ne2 Bxe2 26. Bxe2 Nb3 27. Rc2
Nxd2 28. Rxd2 Be5 29. a4 b6 30. Bb5 Rxd2 31. Kxd2 Rd8+ 32. Kc2 Rc8+ 33. Kb3 Rd8
34. f4 Bf6 35. e4 Rd2 36. e5 Be7 37. Bc6 Bc5 38. Rc1 g6 39. Bf3 Rd4 40. Rc4 Rxc4
41. Kxc4 Be3 42. Kb5 a5 1/2-1/2

[Event "FTX Crypto Cup 2022"]
[Site "Miami USA"]
[Date "2022.08.18"]
[Round "4.3"]
[White "Firouzja, Alireza"]
[Black "Duda, Jan-Krzysztof"]
[Result "1-0"]
[WhiteTitle "GM"]
[BlackTitle "GM"]
[WhiteElo "2778"]
[BlackElo "2740"]
[WhiteFideId "12573981"]
[BlackFideId "1170546"]
[EventDate "2022.08.15"]

1. d4 Nf6 2. c4 e6 3. Nc3 Bb4 4. e3 c5 5. Bd3 O-O 6. Nf3 d5 7. cxd5 exd5 8. dxc5
Nbd7 9. Bd2 Nxc5 10. Be2 Ne6 11. a3 Be7 12. O-O a6 13. h3 b6 14. Bd3 Bb7 15. Ne2
Ne4 16. Nfd4 N6c5 17. Bc2 Bf6 18. Rc1 g6 19. Be1 Re8 20. b4 Nd7 21. Bxe4 dxe4
22. Nc6 Bxc6 23. Rxc6 Ne5 24. Rd6 Qe7 25. Rxb6 Nc4 26. Rc6 Ne5 27. Rc2 Rad8 28.
Qb1 Nf3+ 29. Kh1 Qd7 30. Bc3 Bxc3 31. Nxc3 Qf5 32. Rd1 Ne5 33. Rcd2 Rxd2 34.
Rxd2 Nc4 35. Ra2 Qe6 36. Ne2 Ne5 37. Nd4 Qd5 38. Rc2 Nd3 39. Kg1 Re5 40. Qb3 Qd6
41. Rc6 Qd8 42. Qc2 Qg5 43. Rxa6 Kg7 44. Qe2 h5 45. Rc6 Re7 46. b5 Ra7 47. Rc3
Qf6 48. f3 Ne5 49. fxe4 Qh4 50. Nc6 Nxc6 51. bxc6 Rc7 52. Rc4 Qf6 53. Qc2 Kh7
54. Qc3 Qd6 55. e5 Qd1+ 56. Kh2 Kh6 57. a4 g5 58. Qd4 1-0

[Event "FTX Crypto Cup 2022"]
[Site "Miami USA"]
[Date "2022.08.18"]
[Round "4.3"]
[White "Praggnanandhaa, R"]
[Black "Aronian, Levon"]
[Result "1-0"]
[WhiteTitle "GM"]
[BlackTitle "GM"]
[WhiteElo "2661"]
[BlackElo "2775"]
[WhiteFideId "25059530"]
[BlackFideId "13300474"]
[EventDate "2022.08.15"]

1. d4 Nf6 2. c4 g6 3. Nc3 d5 4. Nf3 Bg7 5. cxd5 Nxd5 6. e4 Nxc3 7. bxc3 c5 8. h3
O-O 9. Be3 Qa5 10. Bd2 b6 11. Qb3 Bd7 12. a4 e6 13. Ra2 Bc6 14. Bb5 c4 15. Qxc4
Rc8 16. Qb3 a6 17. c4 axb5 18. Bxa5 bxc4 19. Qxc4 bxa5 20. O-O Na6 21. Qe2 Nb4
22. Raa1 Be8 23. Rfc1 Rxc1+ 24. Rxc1 Bxa4 25. Ne5 Be8 26. Qc4 h6 27. Qc7 Bf8 28.
Qb7 Rd8 29. Rc8 Rxc8 30. Qxc8 Ba4 31. Qc7 Be8 32. Qxa5 Nc6 33. Nxc6 Bxc6 34. d5 1-0

[Event "FTX Crypto Cup 2022"]
[Site "Miami USA"]
[Date "2022.08.18"]
[Round "4.3"]
[White "Giri, Anish"]
[Black "Niemann, Hans Moke"]
[Result "0-1"]
[WhiteTitle "GM"]
[BlackTitle "GM"]
[WhiteElo "2760"]
[BlackElo "2687"]
[WhiteFideId "24116068"]
[BlackFideId "2093596"]
[EventDate "2022.08.15"]

1. d4 Nf6 2. c4 e6 3. Nf3 b6 4. g3 Bb7 5. Bg2 Be7 6. O-O O-O 7. Re1 Na6 8. a3
Qc8 9. Nc3 Ne4 10. Bd2 d6 11. Qc2 f5 12. Rad1 Bf6 13. d5 Nxd2 14. Nxd2 e5 15.
Bh3 g6 16. e4 Qd8 17. exf5 Bc8 18. g4 gxf5 19. gxf5 Kh8 20. Kh1 Bg5 21. Nf3 Bh6
22. Ne2 Qf6 23. Ng3 Bf4 24. b4 Qh6 25. Ng1 Bd7 26. Rd3 Rg8 27. Re4 c5 28. Rf3
Bg5 29. b5 Nc7 30. Rg4 Ne8 31. Ne4 Nf6 32. Nxf6 Bxf6 33. Rxg8+ Rxg8 34. Rg3 Ra8
35. Bg2 Bh4 36. Rg4 Qh5 37. Qe2 Qh6 38. Be4 Bf6 39. Qf3 Be8 40. Qg2 Bf7 41. Rg3
Qc1 42. Bd3 Qxa3 43. Qh3 Qc1 44. Rg6 Rg8 45. Rxg8+ Kxg8 46. Qe3 Qxe3 47. fxe3 e4
48. Bxe4 Bg5 49. Nf3 Bxe3 50. Kg2 h6 51. f6 Bh5 52. Nh4 Be2 53. Nf5 Bf4 54. Ne7+
Kf7 55. Nc8 Kxf6 56. Nxa7 Bxc4 57. Nc8 Bxb5 58. Nxb6 c4 59. Nc8 Ke5 60. Kf3 Ba4
61. Nxd6 Bd1+ 0-1

[Event "FTX Crypto Cup 2022"]
[Site "Miami USA"]
[Date "2022.08.18"]
[Round "4.4"]
[White "Duda, Jan-Krzysztof"]
[Black "Firouzja, Alireza"]
[Result "1/2-1/2"]
[WhiteTitle "GM"]
[BlackTitle "GM"]
[WhiteElo "2740"]
[BlackElo "2778"]
[WhiteFideId "1170546"]
[BlackFideId "12573981"]
[EventDate "2022.08.15"]

1. c4 Nf6 2. Nc3 e6 3. e4 d5 4. cxd5 exd5 5. e5 Ne4 6. Nf3 Bf5 7. d3 Nxc3 8.
bxc3 c5 9. d4 Qa5 10. Bd2 Nc6 11. c4 Qd8 12. Qb3 Be6 13. Qxb7 Rc8 14. Ng5 Nxd4
15. Nxe6 fxe6 16. Bd3 Rb8 17. Qa6 Qb6 18. Qxb6 Rxb6 19. O-O Be7 20. Bc3 Nc6 21.
f4 O-O 22. g3 Nb4 23. Be2 Nc2 24. Rac1 Ne3 25. cxd5 Nxf1 26. d6 Ne3 27. dxe7 Re8
28. Kf2 Nf5 29. Bc4 Rxe7 30. g4 Nd4 31. f5 Kf8 32. f6 Rd7 33. g5 Kf7 34. h4 Nf5
35. h5 g6 36. hxg6+ Kxg6 37. a4 Kxg5 38. a5 Rc6 39. Kf3 Nd4+ 40. Ke4 h5 41. Bd2+
Kg6 42. Rg1+ Kh7 43. Rg5 Kh8 44. Rxh5+ Rh7 45. Rg5 Rc8 46. Rg4 Rg8 47. Rf4 Rd8
48. Be3 Kg8 49. Rf1 Rh4+ 50. Bf4 Kf8 51. Rf2 Rb8 52. Bf1 Rb4 53. Kd3 Nc6 54. Be3
Rb3+ 55. Kd2 Nxe5 56. Bxc5+ Kf7 57. Bxa7 Nc6 58. Bb6 Nxa5 59. Bxa5 Rb2+ 60. Ke1
Rxf2 61. Kxf2 Rf4+ 62. Ke2 Rxf1 63. Kxf1 Kxf6 64. Bc3+ e5 65. Bxe5+ 1/2-1/2

[Event "FTX Crypto Cup 2022"]
[Site "Miami USA"]
[Date "2022.08.18"]
[Round "4.4"]
[White "Niemann, Hans Moke"]
[Black "Giri, Anish"]
[Result "0-1"]
[WhiteTitle "GM"]
[BlackTitle "GM"]
[WhiteElo "2687"]
[BlackElo "2760"]
[WhiteFideId "2093596"]
[BlackFideId "24116068"]
[EventDate "2022.08.15"]

1. e4 c5 2. Nf3 d6 3. Bb5+ Nd7 4. O-O a6 5. Bd3 Ngf6 6. Re1 e6 7. Bf1 b6 8. c4
Bb7 9. Nc3 Ne5 10. d4 Nxf3+ 11. gxf3 cxd4 12. Qxd4 Nd7 13. f4 Rg8 14. Bg2 Qh4
15. Qd3 g5 16. fxg5 h6 17. Qg3 hxg5 18. Be3 Bg7 19. Na4 Be5 20. Qxh4 gxh4 21.
Kf1 b5 22. Nc3 b4 23. Ne2 Nc5 24. Bd4 Nxe4 25. Bxe4 Bxe4 26. Nf4 Bxf4 27. Rxe4
e5 28. h3 Kd7 29. Rd1 Ke6 30. Be3 f5 31. Rxf4 exf4 32. Bxf4 Rgd8 33. Re1+ Kf6
34. Rd1 Rac8 35. Rd4 Rc6 36. Be3 Ke6 37. Rxh4 Rf8 38. b3 d5 39. c5 f4 40. Bd4
Kf5 41. f3 Rg8 42. Rh7 Rg3 43. Kf2 Rcg6 44. Re7 Rg2+ 45. Ke1 R6g3 46. Re5+ Kg6
47. c6 Rxh3 48. Re2 Rh1+ 49. Kd2 Rxe2+ 50. Kxe2 Rc1 0-1

[Event "FTX Crypto Cup 2022"]
[Site "Miami USA"]
[Date "2022.08.18"]
[Round "4.4"]
[White "Aronian, Levon"]
[Black "Praggnanandhaa, R"]
[Result "0-1"]
[WhiteTitle "GM"]
[BlackTitle "GM"]
[WhiteElo "2775"]
[BlackElo "2661"]
[WhiteFideId "13300474"]
[BlackFideId "25059530"]
[EventDate "2022.08.15"]

1. c4 e5 2. Nc3 Nf6 3. Nf3 e4 4. Ng5 c6 5. Ngxe4 Nxe4 6. Nxe4 d5 7. cxd5 cxd5 8.
Ng3 h5 9. e3 h4 10. Ne2 Nc6 11. d4 Qf6 12. Bd2 Bd6 13. a3 Bf5 14. Rc1 Rd8 15.
Nc3 Qg6 16. Qf3 h3 17. g3 Bg4 18. Qxd5 O-O 19. Qb5 Rfe8 20. Be2 Nxd4 21. exd4
Rxe2+ 22. Nxe2 Qe4 23. Bg5 Re8 24. Be3 a6 25. Qa4 b5 26. Qxa6 Qxh1+ 27. Kd2 Qf3
28. Re1 Qf6 29. Nc3 Qe6 30. Qc6 Rc8 31. Qd5 b4 32. axb4 Qf6 33. b5 Bb4 34. Ra1
Bf3 35. Qb3 Bf8 36. b6 Bb7 37. d5 Bc5 38. Re1 Bxe3+ 39. fxe3 Ba6 40. Qc2 Qxb6
41. Kc1 Bc4 42. Rd1 Bb3 43. Qf2 Qa5 44. Kd2 Rxc3 0-1

[Event "FTX Crypto Cup 2022"]
[Site "Miami USA"]
[Date "2022.08.19"]
[Round "5.1"]
[White "Le, Quang Liem"]
[Black "Praggnanandhaa, R"]
[Result "1/2-1/2"]
[WhiteTitle "GM"]
[BlackTitle "GM"]
[WhiteElo "2728"]
[BlackElo "2661"]
[WhiteFideId "12401137"]
[BlackFideId "25059530"]
[EventDate "2022.08.15"]

1. d4 d5 2. c4 dxc4 3. e4 e5 4. Nf3 Bb4+ 5. Bd2 Bxd2+ 6. Nbxd2 exd4 7. Bxc4 Nc6
8. O-O Qf6 9. b4 Nge7 10. b5 Na5 11. Bd3 O-O 12. e5 Qb6 13. Re1 h6 14. Rc1 c5
15. Ne4 c4 16. Bxc4 Nxc4 17. Rxc4 Bg4 18. Nd6 a6 19. Qxd4 Qxd4 20. Nxd4 axb5 21.
Rc7 Nc6 22. N4xb5 Rxa2 23. h3 Be6 24. Nxb7 Rc8 25. N7d6 Rxc7 26. Nxc7 g5 27.
Nxe6 fxe6 28. Nc4 Kg7 29. Rd1 Ra4 30. Rc1 Nd4 31. Kh2 Ne2 32. Re1 Nf4 33. Nd6
Nd3 34. Re2 Ra5 35. g3 Rxe5 36. Rxe5 Nxe5 37. Kg2 Kf6 38. Ne4+ Kf5 39. Nd6+ Kf6
40. Ne4+ Kf5 41. Nd6+ Kf6 1/2-1/2

[Event "FTX Crypto Cup 2022"]
[Site "Miami USA"]
[Date "2022.08.19"]
[Round "5.1"]
[White "Aronian, Levon"]
[Black "Giri, Anish"]
[Result "1/2-1/2"]
[WhiteTitle "GM"]
[BlackTitle "GM"]
[WhiteElo "2775"]
[BlackElo "2760"]
[WhiteFideId "13300474"]
[BlackFideId "24116068"]
[EventDate "2022.08.15"]

1. c4 Nf6 2. Nc3 c5 3. Nf3 e6 4. e4 Nc6 5. Be2 d5 6. cxd5 exd5 7. e5 Ng4 8. Bb5
d4 9. Ne4 Be7 10. Bxc6+ bxc6 11. d3 Qd5 12. Bf4 f6 13. O-O fxe5 14. Bg3 O-O 15.
Re1 Bf5 16. b3 Nf6 17. Ned2 Bxd3 18. Nxe5 Bf5 19. Qf3 Qxf3 20. Ndxf3 Ne4 21.
Nxc6 Bf6 22. Be5 Rfe8 23. Bxf6 gxf6 24. b4 Bd7 25. Na5 cxb4 26. Nxd4 Nc3 27. Re3
Rxe3 28. fxe3 Rc8 29. a3 bxa3 30. Rxa3 Ne4 31. Nab3 Rc7 32. Ra5 Nd6 33. Kf2 Nc4
34. Rd5 Ne5 35. h3 Kf7 36. Ra5 Nc4 37. Ra6 Nb6 38. Nd2 Kg6 39. N2f3 Bc8 40. Nh4+
Kf7 41. Ra2 a6 42. Nhf5 Nc4 43. g4 Bxf5 44. gxf5 a5 45. Kf3 Ra7 46. Nb5 Ra6 47.
Ra4 Ne5+ 48. Ke2 Kg7 49. Nd4 h5 50. Kf2 Kf7 51. Kg3 Ra8 52. Nb5 Rg8+ 53. Kf2
Nd3+ 54. Ke2 Ne5 55. Rxa5 Rg2+ 56. Kf1 Rg3 57. Ra7+ Kf8 58. Ra8+ Kg7 59. Nd4
Rxh3 60. Ne6+ Kf7 61. Ra7+ Kg8 62. e4 Re3 63. Ng7 Rxe4 64. Nxh5 Kf8 65. Kf2 Rh4
66. Nxf6 Rf4+ 67. Ke3 Rxf5 68. Ke4 Rxf6 69. Kxe5 Rf7 70. Rxf7+ Kxf7 1/2-1/2

[Event "FTX Crypto Cup 2022"]
[Site "Miami USA"]
[Date "2022.08.19"]
[Round "5.2"]
[White "Giri, Anish"]
[Black "Aronian, Levon"]
[Result "1-0"]
[WhiteTitle "GM"]
[BlackTitle "GM"]
[WhiteElo "2760"]
[BlackElo "2775"]
[WhiteFideId "24116068"]
[BlackFideId "13300474"]
[EventDate "2022.08.15"]

1. e4 e5 2. Nf3 Nc6 3. Bc4 Bc5 4. O-O d6 5. c3 Qf6 6. b4 Bb6 7. a4 a6 8. d3 Nge7
9. Be3 O-O 10. Nbd2 Bxe3 11. fxe3 Qh6 12. Qe2 Kh8 13. d4 Ng6 14. b5 Na5 15. Ba2
f5 16. exf5 Bxf5 17. dxe5 dxe5 18. Bb1 Qh5 19. Be4 Nh4 20. bxa6 Rxa6 21. Bxf5
Nxf5 22. e4 Ne7 23. Qb5 Nac6 24. Qxb7 Ra7 25. Qb5 Rb8 26. Qc5 Ra5 27. Qc4 h6 28.
Nb3 Raa8 29. a5 Qe8 30. a6 Qg8 31. Nbd2 Rb6 32. Rfd1 Qc8 33. a7 Qb7 34. Qe6 Rxa7
35. Nxe5 Nxe5 36. Qxe5 Ng6 37. Qc5 Rxa1 38. Rxa1 Rb2 39. Qe3 Qb5 40. Re1 Rc2 41.
Nf3 Qb2 42. g3 Rxc3 43. Qf2 Rc2 44. Qe3 Ne5 45. Nxe5 Rg2+ 46. Kf1 Rxh2 47. Ng6+
Kh7 48. Qf3 Qb5+ 49. Kg1 Rb2 50. Nf4 Qc5+ 51. Qe3 Qc2 52. Re2 Qd1+ 53. Kh2 Rb1
54. Qf3 Rb3 55. Qf2 Rb1 56. Qg2 g5 57. Nd5 Qd4 58. e5 Kg7 59. Nxc7 Qg4 60. Ne8+
Kf8 61. Nf6 Qe6 62. Qa8+ Kg7 63. Qa7+ Qf7 64. Qxf7+ Kxf7 65. e6+ 1-0

[Event "FTX Crypto Cup 2022"]
[Site "Miami USA"]
[Date "2022.08.19"]
[Round "5.2"]
[White "Praggnanandhaa, R"]
[Black "Le, Quang Liem"]
[Result "0-1"]
[WhiteTitle "GM"]
[BlackTitle "GM"]
[WhiteElo "2661"]
[BlackElo "2728"]
[WhiteFideId "25059530"]
[BlackFideId "12401137"]
[EventDate "2022.08.15"]

1. d4 Nf6 2. c4 e6 3. Nf3 d5 4. Nc3 dxc4 5. e4 Bb4 6. Bxc4 Nxe4 7. O-O Nxc3 8.
bxc3 Be7 9. Qc2 O-O 10. Re1 Nd7 11. Bd3 h6 12. Qe2 c5 13. Qe4 Nf6 14. Qh4 Nd5
15. Qg3 Bd6 16. Ne5 Qf6 17. dxc5 Bxe5 18. Rxe5 Rd8 19. Bd2 Ne7 20. Rae1 Bd7 21.
c4 Nf5 22. Bxf5 exf5 23. f4 Kh7 24. Bc3 Qg6 25. Qxg6+ Kxg6 26. Re7 Be6 27. Re3
Rd1+ 28. Kf2 Bxc4 29. Rg3+ Kh5 30. Rxg7 Rf1+ 31. Kg3 Rd8 32. Re3 Rfd1 33. Kf2
R8d3 34. Re5 Rd5 35. g4+ Kh4 36. Re3 fxg4 37. Bf6+ Kh5 38. Re5+ Rxe5 39. fxe5
Bxa2 40. Rg8 Rc1 41. Be7 Rc2+ 42. Kg3 Bd5 43. Rd8 Rg2+ 44. Kf4 Be6 45. Rb8 Rxh2
46. Rxb7 Rf2+ 47. Kg3 Rf3+ 48. Kh2 g3+ 49. Kg1 Bh3 50. Rb1 g2 0-1

[Event "FTX Crypto Cup 2022"]
[Site "Miami USA"]
[Date "2022.08.19"]
[Round "5.3"]
[White "Aronian, Levon"]
[Black "Giri, Anish"]
[Result "0-1"]
[WhiteTitle "GM"]
[BlackTitle "GM"]
[WhiteElo "2775"]
[BlackElo "2760"]
[WhiteFideId "13300474"]
[BlackFideId "24116068"]
[EventDate "2022.08.15"]

1. e4 e5 2. Nf3 Nc6 3. Bb5 Nf6 4. d3 Bc5 5. Bxc6 dxc6 6. Qe2 Nd7 7. Nc3 b6 8.
Be3 Bxe3 9. fxe3 Qe7 10. O-O Bb7 11. Qf2 g6 12. Qg3 O-O-O 13. a3 Kb8 14. b4 Rdf8
15. d4 f6 16. Rab1 Rhg8 17. a4 exd4 18. exd4 f5 19. Rfe1 f4 20. Qg5 Qg7 21. e5
h6 22. Qg4 g5 23. Ne4 Bc8 24. Qh5 g4 25. Nfd2 f3 26. g3 Qh7 27. Qh4 Rf5 28. e6
Nf8 29. Nf2 h5 30. e7 Ng6 31. e8=Q Rxe8 32. Rxe8 Nxh4 33. gxh4 Qd7 34. Re4 Qd8
35. Nf1 Rf8 36. Ng3 Qxh4 37. Re5 Qd8 0-1

[Event "FTX Crypto Cup 2022"]
[Site "Miami USA"]
[Date "2022.08.20"]
[Round "6.1"]
[White "Niemann, Hans Moke"]
[Black "Aronian, Levon"]
[Result "1-0"]
[WhiteTitle "GM"]
[BlackTitle "GM"]
[WhiteElo "2687"]
[BlackElo "2775"]
[WhiteFideId "2093596"]
[BlackFideId "13300474"]
[EventDate "2022.08.15"]

1. d4 d5 2. Nf3 Nf6 3. g3 g6 4. Bg2 Bg7 5. c4 c6 6. b3 O-O 7. Bb2 Bf5 8. O-O
Nbd7 9. Nc3 dxc4 10. bxc4 Nb6 11. c5 Nc4 12. Bc1 b6 13. Qb3 Na5 14. Qa3 Nd7 15.
Bf4 bxc5 16. dxc5 Nc4 17. Qb4 Be6 18. Ng5 a5 19. Qb3 Nxc5 20. Nxe6 Nxb3 21. Nxd8
Nxa1 22. Nxc6 e5 23. Bg5 Nc2 24. Bd5 Nb6 25. Ne7+ Kh8 26. Bxa8 Rxa8 27. Rb1 Nc4
28. Ned5 h6 29. Be7 Nd4 30. Rb7 Rc8 31. g4 e4 32. e3 Nf3+ 33. Kg2 Ncd2 34. Nf6
g5 35. Ncxe4 Nh4+ 36. Kh3 Ndf3 37. Kg3 Ng1 38. f4 Bxf6 39. Bxf6+ Kg8 40. fxg5
hxg5 41. Nxg5 1-0